1955 1885 1490 1894 1237 1399 1765 1949 1808 1591 1848 1758 1251 1944 1108 1407 1546 1217 1026 1649 1639 1899 1138 1350 1610 1272 1892 1720 1545 1209 1245 1715 1907 1827 1043 1198 1523 1086 1943 1607 1378 1010 1910 1414 1392 1106 1238 1428 1754 1079 1731 1479 1373 1916 1002 1869 1402 1651 1609 1765 1688 1639 1693 1071 1322 1243 1428 1306 1287 1116 1745 1670 1865 1457 1386 1474 1093 1000 1179 1232 1223 1554 1196 1451 1083 1773 1554 1975 1765 1893 1654 1225 1480 1534 1298 1161 1241 1172 1577 BCNSPRNW ULIB Ver.6.0+V

เปลี่ยนเป็นภาษาไทย

Change to English
 แสดงรายละเอียดบรรณานุกรม
  กลับหน้าหลัก

Brief Record : Get Marc (ISO 2709) : E-mail record : QR code < ปิดหน้าต่าง
LEADER : 00000nam 2200000uu 4500
001    13399121449
003     ULIB
008    110608s2546 th 000 p tha d
020    ^a9789749165805
050  4 ^aรส^bน836อ 2546
100 0  ^aเนาวรัตน์ พงษ์ไพบูลย์
245 10 ^aอาทิตย์ ถึง จันทร์ /^cเนาวรัตน์ พงษ์ไพบูลย์
246 30 ^aอาทิตย์ถึงจันทร์
250    ^aพิมพ์ครั้งที่ 5
260    ^aกรุงเทพฯ :^bมูลนิธิสถาบันวิชาการ 14 ตุลา,^c2546
300    ^a135 หน้า ;^c21 ซม.
490 0  ^aหนังสือชุด''ตุลาวรรณกรรม''
500    ^aฉลองครบรอบ 30 ปี 14 ตุลา : 2516-2546 ร่วมวาระประวัติศาสตร์''''วัน 14 ตุลา ประชาธิปไตย''''
650  4 ^aกวีนิพนธ์การเมืองไทย
650  4 ^aกวีนิพนธ์ไทย
650  4 ^aวันมหาวิปโยค^xกวีนิพนธ์
710 2  ^aมูลนิธิสถาบันวิชาการ 14 ตุลา
945    ^p0^l0^i14353
995    ^aกัณชพร
999    ^aกัณชพร
รายการนี้ยังไม่มีแท็ก
คุณยังไม่ได้ล็อกอิน คุณสามารถมีกิจกรรมร่วมกับเว็บไซต์ได้ แต่ต้องล็อกอินก่อน ::
  ล็อกอิน

รายการสื่อสารสนเทศ

ลำดับที่ ประเภท เลขเรียก/บาร์โค้ด สถานที่ สถานะ
1. นวนิยาย
นวนิยาย
รส น836อ 2546  
  Barcode: 14353
ห้องสมุดวิทยาเขตสวรรค์ประชารักษ์
►นวนิยาย
บนชั้น
  ขอยืม

รายการใกล้เคียง
    หัวเรื่อง [กวีนิพนธ์ไทย]

BibComment


ยังไม่เคยถูกคอมเมนท์

คอมเมนท์ทรัพยากรรายการนี้
  คอมเมนท์: อาทิตย์ ถึง จันท..


 Copyright 2026. Bcnsprnw @Library